000 00243nam a22001217a 4500
040 _cHS
082 _a311
100 _aNA
245 _aElementary statistical methods for foresters
260 _aNA
_bNA
_c1967
300 _a87p;
942 _cEK
999 _c10281
_d10281